Cuáles son las democracias de hoy? /
En este artículo el autor contrasta las diversas teorías sobre democracia para una amplia muestra de países con la finalidad de evaluar la presencia de "atributos estructurales y criterios comunes". El objetivo en este estudio gira en torno de la identificación de los factores que han fort...
Uloženo v:
| Hlavní autor: | |
|---|---|
| Médium: | Text |
| Témata: | |
| Tagy: |
Přidat tag
Žádné tagy, Buďte první, kdo vytvoří štítek k tomuto záznamu!
|
MARC
| LEADER | 00000 a a2200000 04500 | ||
|---|---|---|---|
| 001 | 4258 | ||
| 003 | |||
| 040 | |||
| 090 | |a REV0229 (71) 1994 | ||
| 100 | |a Merkl, Peter H. | ||
| 245 | |a Cuáles son las democracias de hoy? / |c Peter H. Merkl | ||
| 520 | |a En este artículo el autor contrasta las diversas teorías sobre democracia para una amplia muestra de países con la finalidad de evaluar la presencia de "atributos estructurales y criterios comunes". El objetivo en este estudio gira en torno de la identificación de los factores que han fortalecido la democracia en algunos países, adicionalmente al crecimiento económico y el grado de diferenciación social. REV//jmml | ||
| 650 | |a DEMOCRACIA | ||
| 650 | |a CONDICIONES ECONOMICAS | ||
| 650 | |a CONDICIONES SOCIALES | ||
| 773 | |g número 71; páginas 59-90 | ||
| 999 | |c 22944 |d 22944 | ||
